000 00797nam a2200205Ia 4500
003 0
005 20250131072721.0
008 150126s9999 xx 000 0 und d
050 _aPHS GV 711
_b.J91 2014
100 _aJuan, Miguel Franco M.
245 _aSports involvement and study habits of grade 11 varsity players /
_cMiguel Franco M. Juan.
260 _aLas PiƱas City, Philippines :
_bSouthville International School and Colleges,
_c2014.
300 _a24 pages :
_billustration ;
_c28 cm.
504 _aIncludes bibliographical references.
650 _aStudent-athletes
_xAcademic performance.
650 _aStudy habits
_xPsychological aspects.
650 _aSports participation
_xEducational aspects.
650 _aExtracurricular activities
_xAcademic effects.
942 _2lcc
_cPASS
999 _c278676
_d278676